000 00538nam a22001937a 4500
003 OSt
005 20260703155217.0
008 260703b |||||||| |||| 00| 0 eng d
020 _a0393092984
040 _cChuka University Library
050 _aPR 1109
_b.N6 1975
100 _aEmerson William C.
_933086
245 _aThe Norton Anthology of English Literature
250 _a3rd ed.
260 _aNew York
_bNorton &Company ,Inc
_c1975
300 _axxxii various paging
650 _aEnglish Literature
_92549
942 _2lcc
_cBK
_n0
999 _c26156
_d26156